| 000 | 00744nas a2200229Ia 4500 | ||
|---|---|---|---|
| 001 | A03/R024-39213 | ||
| 003 | IT-MiCISF | ||
| 008 | 161014c99999999xx |||||||||||| ||und|| | ||
| 040 |
_aIT-MiCISF _cIT-MiCISF |
||
| 041 | _ait | ||
| 100 |
_aMaggi Lidia (et al.) _961001 |
||
| 245 | 0 | _aGenitori e figli in parrocchia. La famiglia al centro della pastorale | |
| 250 | _a"Famiglia oggi", n. 6-7, giugno-luglio | ||
| 260 | _c2004 | ||
| 300 | _app. 8-49 | ||
| 500 | _afamiglia, bibbia, chiesa-locale, pastorale-familiare, separazione | ||
| 650 | _aPastorale-familiare | ||
| 654 | _adossier | ||
| 700 |
_aLafranconi D., Grillo A., Zattoni M., Gillini G., Emanuele E., Tronconi A., Di Nicola P. _961251 |
||
| 942 |
_cCR _2ddc |
||
| 999 |
_c245558 _d245558 |
||
| 999 | _bSi | ||